01428nam a2200349Ia 4500001001200000003000800012006001900020007001500039008004100054020002600095020001800121040002100139035002100160050002300181100002000204245017300224260006000397300001800457440003500475504004100510533015200551650003200703651002700735651003100762655002900793700004100822700002200863710001700885710003300902856012600935999001701061ebr10635332CaPaEBRm u cr cn|||||||||121231s2012 dcua sb 000 0 eng d z9781475569537 (ebook) z9781475588682 aCaPaEBRcCaPaEBR a(OCoLC)81624645114aHC412b.E44 2012eb1 aElekdag, Selim.14aThe evolution of Asian financial linkagesh[electronic resource] :bkey determinants and the role of policy /cSelim Elekdag, Phurichai Rungcharoenkitkul, and Yiqun Wu. aWashington, D.C. :bInternational Monetary Fund,c2012. a26 p. :bill. 0aIMF working paper ;vWP/12/262 aIncludes bibliographical references. aElectronic reproduction.bPalo Alto, Calif. :cebrary,d2013.nAvailable via World Wide Web.nAccess may be limited to ebrary affiliated libraries. 0aEconomic developmentzAsia. 0aAsiaxEconomic policy. 0aAsiaxEconomic conditions. 7aElectronic books.2local1 aRungcharoenkitkul, Phurichai,d1977-1 aWu, Yiqun,d1976-2 aebrary, Inc.2 aInternational Monetary Fund.40uhttp://site.ebrary.com/lib/rucke/Doc?id=10635332zAn electronic book accessible through the World Wide Web; click to view c46415d46415